Tratado de derecho ambiental
I tiakina i:
| Kaituhi matua: | |
|---|---|
| Hōputu: | Pukapuka |
| Reo: | Pāniora |
| I whakaputaina: |
Madrid
Edisofer
2003
|
| Ngā marau: | |
| Ngā Tūtohu: |
Tāpirihia he Tūtohu
Kāore He Tūtohu, Me noho koe te mea tuatahi ki te tūtohu i tēnei pūkete!
|
MARC
| LEADER | 00000cam a2200000 a 4500 | ||
|---|---|---|---|
| 001 | UCG9887 | ||
| 003 | CL-VaPUC | ||
| 008 | 120412e20030000SP |||||||||||||||||spa|d | ||
| 020 | |a 8489493871 | ||
| 082 | 0 | 4 | |a 344.046 |b MAR |2 21 |
| 100 | |a Martín Mateo, Ramón |e autor |9 561628 | ||
| 245 | 1 | 0 | |a Tratado de derecho ambiental |
| 300 | |a t | ||
| 942 | |c BK | ||
| 945 | |d 20120412 00:00:00 |a dcastane | ||
| 260 | |a Madrid |b Edisofer |c 2003 | ||
| 650 | 0 | |a Derecho público |9 255910 | |
| 650 | 0 | |a Derecho ambiental |9 257835 | |
| 650 | 0 | |a Gestión ambiental |9 338121 | |
| 650 | 0 | |a Derecho comparado |9 255664 | |
| 650 | 7 | |a CONTAMINACION |2 CL-VaPUC |9 258139 | |
| 650 | 7 | |a RUIDO |2 CL-VaPUC |9 263306 | |
| 583 | |a last modification |c 20120412 10:24:00 |k Rodrigo Vera | ||
| 999 | |c 347413 |d 347411 | ||
| 952 | |0 0 |1 0 |4 0 |6 344_046000000000000_MAR_2003 |7 0 |8 A |9 448721 |a BIBING |b BIBING |d 2019-11-22 |h t.4 |i 4853938 |o 344.046 MAR 2003 |p 4853938 |r 2025-01-20 |w 2019-11-22 |y BK |k GEO | ||